Statistiche per Riconosci la Squadra di calcio - Quiz n°313

Clicka qui per fare il quiz!

Statistiche generali

  • Questo quiz è stato fatto 5 volte
  • Il punteggio medio è 5 su 10

Statistiche sulle risposte

IndizioRisposta% Corretto
Colori socialiBianco, blu
100%
Titoli nazionali2 Campionati inglesi di seconda divisione
80%
SimboliLeone
80%
Divisione nazionale 2023-2024Terza
80%
Trofei nazionali1 Full Members Cup
40%
Capienza Stadio24 250 posti
40%
ConfederazioneUEFA
40%
Trofei internazionali0
20%
Fondazione1871
20%
SquadraReading
0%

Distribuzione punteggi

Percentile per numero di risposta

Percentuale di utenti per punteggio

I tuoi punteggi nel tempo

Non hai fatto questo quiz